[Event "Olympiad-44"]
[Site "Chennai"]
[Date "2022.08.05"]
[Round "7.2"]
[White "Barcenilla, Rogelio"]
[Black "Piorun, Kacper"]
[Result "1/2-1/2"]
[WhiteElo "2463"]
[BlackElo "2636"]
[PlyCount "77"]
[EventDate "2022.07.29"]
[EventType "team-swiss"]
[EventRounds "11"]
[EventCountry "IND"]
[SourceTitle "CBM 210"]
[Source "ChessBase"]
[SourceDate "2022.10.31"]
[SourceVersion "1"]
[SourceVersionDate "2022.10.31"]
[SourceQuality "1"]
[WhiteTeam "Philippines"]
[BlackTeam "Poland"]
[WhiteTeamCountry "PHI"]
[BlackTeamCountry "POL"]

1. c4 e5 2. Nc3 d6 3. g3 f5 4. Bg2 Nf6 5. d3 Be7 6. e3 0-0 7. Nge2 c6 8. 0-0 Be6 9. Rb1 Nbd7 10. b4 Rc8 11. f4 Qc7 12. Bd2 g6 13. Qc2 d5 14. c5 b6 15. Na4 Bf7 16. Rfc1 Rfe8 17. d4 exf4 18. gxf4 Ne4 19. Nb2 bxc5 20. bxc5 Rb8 21. Nd3 Rxb1 22. Rxb1 Rb8 23. Be1 h6 24. Rxb8+ Qxb8 25. Qb3 Qc7 26. Ng3 Kf8 27. Kf1 Bf6 28. Qa4 Qb7 29. Qb3 Qc7 30. Qa4 Be6 31. Kg1 Bd8 32. Nf1 Qb7 33. Qb3 Qc8 34. Nd2 Nxd2 35. Bxd2 Bc7 36. Qa4 Qb7 37. Qb3 Qc8 38. Qa4 Qb7 39. Qb3 1/2-1/2

[Event "Asia Nations online Cup final"]
[Site "Chess.com INT"]
[Date "2020.10.23"]
[Round "2.2"]
[White "Khusnutdinov, Rustam"]
[Black "Barcenilla, Rogelio"]
[Result "1/2-1/2"]
[WhiteElo "2491"]
[BlackElo "2463"]
[PlyCount "81"]
[EventDate "2020.10.23"]
[EventType "team-k.o. (rapid)"]
[EventRounds "6"]
[EventCountry "IND"]
[SourceTitle "CBM 199 Extra"]
[Source "ChessBase"]
[SourceDate "2021.01.31"]
[SourceVersion "1"]
[SourceVersionDate "2021.01.31"]
[SourceQuality "1"]
[WhiteTeam "Kazakhstan"]
[BlackTeam "Philippines"]
[WhiteTeamCountry "KAZ"]
[BlackTeamCountry "PHI"]

1. e4 e5 2. Nf3 Nc6 3. Bb5 a6 4. Ba4 d6 5. 0-0 Bd7 6. d3 h6 7. c4 g5 8. Nc3 Bg7 9. Be3 Nge7 10. Nd5 f5 11. Nxe7 Qxe7 12. exf5 Bxf5 13. d4 0-0 14. dxe5 Nxe5 15. Nxe5 Qxe5 16. Bc2 b6 17. Rb1 Rae8 18. b3 Bxc2 19. Qxc2 g4 20. Rbd1 Qh5 21. Bd4 Be5 22. Bxe5 Rxe5 23. Rfe1 Rfe8 24. Rxe5 Rxe5 25. g3 Qe8 26. Qd2 h5 27. Qf4 Qe6 28. Kg2 Kg7 29. Rd2 Rf5 30. Qd4+ Kf7 31. Qd3 Ke8 32. Re2 Re5 33. Rxe5 Qxe5 34. h3 Kd7 35. hxg4 hxg4 36. Qd5 Qe2 37. Qf5+ Kd8 38. Qf8+ Kd7 39. Qf5+ Kc6 40. Qd5+ Kd7 41. Qf5+ 1/2-1/2

[Event "Asia Nations online Cup"]
[Site "Chess.com INT"]
[Date "2020.10.18"]
[Round "7.3"]
[White "Barcenilla, Rogelio"]
[Black "Ganguly, Surya Shekhar"]
[Result "1-0"]
[WhiteElo "2463"]
[BlackElo "2635"]
[PlyCount "69"]
[EventDate "2020.10.10"]
[EventType "team-swiss (rapid)"]
[EventRounds "9"]
[EventCountry "IND"]
[SourceTitle "CBM 198 Extra"]
[Source "ChessBase"]
[SourceDate "2020.11.30"]
[SourceVersion "1"]
[SourceVersionDate "2020.11.30"]
[SourceQuality "1"]
[WhiteTeam "Philippines"]
[BlackTeam "India"]
[WhiteTeamCountry "PHI"]
[BlackTeamCountry "IND"]

1. c4 e6 2. b3 Nf6 3. Bb2 d5 4. Nf3 b6 5. g3 Bd6 6. Bg2 0-0 7. 0-0 Bb7 8. Nc3 a6 9. d4 Nbd7 10. e3 Qe7 11. a3 Rfe8 12. Nd2 c5 13. Re1 Rab8 14. cxd5 exd5 15. e4 dxe4 16. Ndxe4 cxd4 17. Nxf6+ Qxf6 18. Ne4 Bxe4 19. Rxe4 Rxe4 20. Bxe4 Be5 21. f4 Bd6 22. b4 Qe7 23. Qxd4 Nf6 24. Bf3 Rd8 25. Qxb6 Bb8 26. Bxf6 gxf6 27. Kh1 Ba7 28. Qxa6 Qe3 29. Qe2 Qc3 30. Ra2 Rd3 31. Rc2 Qxa3 32. Rc8+ Kg7 33. Be4 Qa1+ 34. Kg2 Qg1+ 35. Kh3 1-0

[Event "Asia Nations online Cup"]
[Site "Chess.com INT"]
[Date "2020.10.18"]
[Round "9.3"]
[White "Markov, Mikhail2222"]
[Black "Barcenilla, Rogelio"]
[Result "0-1"]
[WhiteElo "2365"]
[BlackElo "2463"]
[PlyCount "128"]
[EventDate "2020.10.10"]
[EventType "team-swiss (rapid)"]
[EventRounds "9"]
[EventCountry "IND"]
[SourceTitle "CBM 198 Extra"]
[Source "ChessBase"]
[SourceDate "2020.11.30"]
[SourceVersion "1"]
[SourceVersionDate "2020.11.30"]
[SourceQuality "1"]
[WhiteTeam "Kyrgyzstan"]
[BlackTeam "Philippines"]
[WhiteTeamCountry "KGZ"]
[BlackTeamCountry "PHI"]

1. c4 Nf6 2. Nf3 g6 3. g3 Bg7 4. Bg2 0-0 5. 0-0 d6 6. d4 Nc6 7. Nc3 a6 8. Re1 Rb8 9. Rb1 Bf5 10. e4 Bg4 11. Be3 Nd7 12. Ne2 e5 13. d5 Ne7 14. Qd2 Nf6 15. Nc3 Qd7 16. b4 Bh3 17. Bh1 Ng4 18. c5 h6 19. b5 axb5 20. Nxb5 f5 21. cxd6 cxd6 22. Bb6 fxe4 23. Rxe4 Nf6 24. Ree1 Nfxd5 25. Be3 Bg4 26. Nh4 Nxe3 27. Rxe3 d5 28. Qb4 g5 29. Nf3 e4 30. Nfd4 Nc6 31. Qd2 Ne5 32. Reb3 Rf7 33. Nc2 Rbf8 34. Ne3 Rxf2 35. Qxd5+ Qxd5 36. Nxd5 Bh3 37. Ne3 Nc4 38. Bg2 Bxg2 39. Nxg2 Nd2 40. h4 Rf1+ 41. Rxf1 Rxf1+ 42. Kh2 Nxb3 43. axb3 Rb1 44. Nd6 Rxb3 45. Nxe4 gxh4 46. Nxh4 b5 47. Nf5 Rb1 48. Kg2 b4 49. Kf3 b3 50. Nd2 Ra1 51. Nxb3 Ra3 52. Kg4 Rxb3 53. Kh5 Kh7 54. Kg4 Be5 55. Kh4 Kg6 56. Ne7+ Kf6 57. Nc6 Bxg3+ 58. Kh5 Bf2 59. Kg4 Rc3 60. Na5 Kg6 61. Kf4 h5 62. Ke4 h4 63. Kf4 h3 64. Ke4 h2 0-1

[Event "Asia Nations online Cup"]
[Site "Chess.com INT"]
[Date "2020.10.16"]
[Round "4.2"]
[White "Tabatabaei, Mohammad Amin"]
[Black "Barcenilla, Rogelio"]
[Result "1/2-1/2"]
[WhiteElo "2629"]
[BlackElo "2463"]
[PlyCount "95"]
[EventDate "2020.10.10"]
[EventType "team-swiss (rapid)"]
[EventRounds "9"]
[EventCountry "IND"]
[SourceTitle "CBM 198 Extra"]
[Source "ChessBase"]
[SourceDate "2020.11.30"]
[SourceVersion "1"]
[SourceVersionDate "2020.11.30"]
[SourceQuality "1"]
[WhiteTeam "Iran"]
[BlackTeam "Philippines"]
[WhiteTeamCountry "IRI"]
[BlackTeamCountry "PHI"]

1. d4 Nf6 2. Nf3 g6 3. Bf4 Bg7 4. e3 d6 5. Be2 0-0 6. 0-0 Nbd7 7. h3 e6 8. c4 Qe7 9. Nc3 a6 10. Qc2 b6 11. Bg3 Bb7 12. e4 e5 13. dxe5 Nxe5 14. Nxe5 dxe5 15. Nd5 Nxd5 16. cxd5 c6 17. dxc6 Rac8 18. Qb3 Rxc6 19. Rfd1 h5 20. f3 Rfc8 21. a4 Bf8 22. Bf2 Rc2 23. Kf1 Qb4 24. Qxb4 Bxb4 25. b3 Bc5 26. Bxc5 R8xc5 27. Rd7 Bc8 28. Rd6 b5 29. axb5 axb5 30. b4 Rc7 31. Rd5 Rb2 32. Rxe5 Rcc2 33. Re1 Be6 34. Rc5 Bc4 35. Bxc4 bxc4 36. g4 hxg4 37. hxg4 c3 38. b5 Rf2+ 39. Kg1 Rg2+ 40. Kh1 Rh2+ 41. Kg1 Rbg2+ 42. Kf1 c2 43. b6 Rd2 44. Kg1 Rhg2+ 45. Kh1 Rh2+ 46. Kg1 Rdg2+ 47. Kf1 Rd2 48. Kg1 1/2-1/2

[Event "PHI-ch"]
[Site "Quezon City"]
[Date "2019.11.24"]
[Round "7"]
[White "Barcenilla, Rogelio"]
[Black "Gomez, John Paul"]
[Result "1/2-1/2"]
[WhiteElo "2451"]
[BlackElo "2433"]
[PlyCount "60"]
[EventDate "2019.11.20"]
[EventType "tourn"]
[EventRounds "11"]
[EventCountry "PHI"]
[EventCategory "6"]
[SourceTitle "CBM 193 Extra"]
[Source "ChessBase"]
[SourceDate "2020.01.31"]
[SourceVersion "1"]
[SourceVersionDate "2020.01.31"]
[SourceQuality "1"]

1. c4 c6 2. Nf3 d5 3. b3 Nf6 4. Bb2 e6 5. g3 Be7 6. Bg2 0-0 7. 0-0 b6 8. d3 Bb7 9. cxd5 cxd5 10. Ne5 Nfd7 11. Nxd7 Nxd7 12. Nd2 h6 13. Rc1 Bf6 14. Qc2 Rc8 15. Qb1 Bxb2 16. Qxb2 Qe7 17. Rxc8 Rxc8 18. Rc1 Rxc1+ 19. Qxc1 Qc5 20. Qxc5 Nxc5 21. d4 Nd7 22. e3 Ba6 23. Bf1 Bxf1 24. Kxf1 Kf8 25. Ke2 Ke7 26. Kd3 Nf6 27. f3 Nd7 28. Nb1 Kd6 29. Nc3 Kc6 30. a3 Nf6 1/2-1/2

[Event "US Open-120"]
[Site "Orlando"]
[Date "2019.08.11"]
[Round "9"]
[White "Paul, Justin"]
[Black "Barcenilla, Rogelio"]
[Result "0-1"]
[WhiteElo "2211"]
[BlackElo "2451"]
[PlyCount "124"]
[EventDate "2019.08.03"]
[EventType "swiss"]
[EventRounds "9"]
[EventCountry "USA"]
[SourceTitle "CBM 191 Extra"]
[Source "ChessBase"]
[SourceDate "2019.09.30"]
[SourceVersion "1"]
[SourceVersionDate "2019.09.30"]
[SourceQuality "1"]

1. e4 e5 2. Nf3 Nc6 3. Bb5 a6 4. Ba4 Nf6 5. 0-0 b5 6. Bb3 Be7 7. Re1 0-0 8. h3 d6 9. c3 h6 10. d4 Re8 11. Nbd2 Bf8 12. Nf1 Bd7 13. Ng3 Na5 14. Bc2 Nc4 15. Bd3 Nb6 16. Qc2 c5 17. dxc5 dxc5 18. c4 b4 19. b3 a5 20. Bb2 Qc7 21. Nh4 Bc8 22. f4 Nfd7 23. Nf3 exf4 24. Nh5 Bb7 25. Qd2 a4 26. Rad1 axb3 27. axb3 Ra2 28. Bb1 Rxb2 29. Qxb2 g6 30. Nf6+ Nxf6 31. Qxf6 Nd7 32. Qb2 Ne5 33. Qd2 Nxf3+ 34. gxf3 Qe5 35. Kh2 Bc6 36. Re2 Be7 37. Rg2 h5 38. Qf2 Ra8 39. Bd3 Ra3 40. Qc2 Bh4 41. Bf1 Kh7 42. Qb2 Qe7 43. Rgd2 Bf6 44. Qb1 Be5 45. Kh1 Qf6 46. Bg2 Qh4 47. Qc2 Kg7 48. Rd8 Qf6 49. R8d3 g5 50. Qf2 Qe7 51. Qe2 Qe6 52. Qf2 Qe7 53. Qe2 Ra8 54. R3d2 Rh8 55. Ra2 Bd4 56. Ra5 Qe5 57. Ra7 Rh6 58. Rd3 Rg6 59. Ra5 g4 60. Qd1 gxf3 61. Qxf3 Rg3 62. Qe2 Be3 0-1

[Event "US Open-120"]
[Site "Orlando"]
[Date "2019.08.09"]
[Round "7"]
[White "Friedman, Josef"]
[Black "Barcenilla, Rogelio"]
[Result "0-1"]
[WhiteElo "2072"]
[BlackElo "2451"]
[PlyCount "88"]
[EventDate "2019.08.03"]
[EventType "swiss"]
[EventRounds "9"]
[EventCountry "USA"]
[SourceTitle "CBM 191 Extra"]
[Source "ChessBase"]
[SourceDate "2019.09.30"]
[SourceVersion "1"]
[SourceVersionDate "2019.09.30"]
[SourceQuality "1"]

1. Nf3 Nf6 2. d4 g6 3. g3 Bg7 4. Bg2 d6 5. 0-0 0-0 6. Nc3 c6 7. a4 a5 8. Bf4 h6 9. e4 Na6 10. Qd2 Kh7 11. h3 Nb4 12. Rfe1 Nd7 13. Rad1 Nb6 14. b3 Bd7 15. e5 Bf5 16. Rc1 N6d5 17. Nxd5 Nxd5 18. exd6 exd6 19. g4 Nxf4 20. Qxf4 Be6 21. Nd2 d5 22. Nf3 Rc8 23. Re2 b5 24. Ra1 Qb6 25. Qd2 Ra8 26. Ne5 Bc8 27. Rae1 Ra7 28. c3 Bf6 29. Nd3 bxa4 30. bxa4 Ba6 31. Re8 Rxe8 32. Rxe8 Bxd3 33. Qxd3 Qb3 34. Qf3 Bg7 35. Rc8 Qb7 36. Re8 Qb1+ 37. Kh2 Rd7 38. Qe3 Bf6 39. Rc8 Re7 40. Qf3 Re6 41. h4 Kg7 42. Qg3 Be7 43. Kh3 Bd6 44. f4 Qc1 0-1

[Event "Saint Louis SPICE Cup op 11th"]
[Site "Saint Louis"]
[Date "2017.10.24"]
[Round "6"]
[White "Peng, David T"]
[Black "Barcenilla, Rogelio"]
[Result "0-1"]
[WhiteElo "2330"]
[BlackElo "2446"]
[PlyCount "52"]
[EventDate "2017.10.21"]
[EventType "swiss"]
[EventRounds "9"]
[EventCountry "USA"]
[SourceTitle "CBM 181 Extra"]
[Source "ChessBase"]
[SourceDate "2017.12.12"]
[SourceVersion "1"]
[SourceVersionDate "2017.12.12"]
[SourceQuality "1"]

1. e4 e5 2. Nf3 Nc6 3. Bc4 Nf6 4. d3 h6 5. 0-0 d6 6. c3 g6 7. d4 Qe7 8. Re1 Bg7 9. Nbd2 0-0 10. h3 Bd7 11. Nf1 Na5 12. Bd3 c5 13. Ne3 cxd4 14. Nd5 Qd8 15. Nxf6+ Qxf6 16. b4 Nc6 17. b5 Nd8 18. cxd4 exd4 19. Bb2 Ne6 20. Bc4 Ng5 21. Nxd4 Bxh3 22. Rb1 Qf4 23. Bf1 Be5 24. g3 Qf6 25. Be2 Ne6 26. Nxe6 fxe6 0-1

[Event "PHI-ch"]
[Site "Manila"]
[Date "2017.09.12"]
[Round "10"]
[White "Barcenilla, Rogelio"]
[Black "Gomez, John Paul"]
[Result "1/2-1/2"]
[WhiteElo "2457"]
[BlackElo "2463"]
[PlyCount "70"]
[EventDate "2017.09.06"]
[EventType "tourn"]
[EventRounds "11"]
[EventCountry "PHI"]
[EventCategory "1"]
[SourceTitle "CBM 180 Extra"]
[Source "ChessBase"]
[SourceDate "2017.10.06"]
[SourceVersion "1"]
[SourceVersionDate "2017.10.06"]
[SourceQuality "1"]

1. c4 c5 2. Nc3 Nc6 3. g3 g6 4. Bg2 Bg7 5. e4 d6 6. d3 e6 7. Nge2 Nge7 8. a3 b6 9. Rb1 Bb7 10. b4 0-0 11. 0-0 Qd7 12. Be3 Nd4 13. Qd2 f5 14. f4 Rae8 15. Nc1 Nec6 16. b5 Ne7 17. a4 Kh8 18. a5 Ng8 19. Nb3 e5 20. fxe5 Bxe5 21. axb6 axb6 22. Bf4 Nf6 23. Bxe5 dxe5 24. Nd5 Bxd5 25. exd5 Nxb3 26. Rxb3 Kg7 27. Ra3 Re7 28. Qc3 Qd6 29. Ra2 Rfe8 30. Re2 Kg8 31. Rfe1 Kg7 32. Qa1 Kg8 33. Qc3 Kg7 34. Ra1 Kg8 35. Rae1 Kg7 1/2-1/2

[Event "PHI-ch"]
[Site "Manila"]
[Date "2017.09.11"]
[Round "9"]
[White "Concio, Michael Jr"]
[Black "Barcenilla, Rogelio"]
[Result "0-1"]
[WhiteElo "1688"]
[BlackElo "2457"]
[PlyCount "118"]
[EventDate "2017.09.06"]
[EventType "tourn"]
[EventRounds "11"]
[EventCountry "PHI"]
[EventCategory "1"]
[SourceTitle "CBM 180 Extra"]
[Source "ChessBase"]
[SourceDate "2017.10.06"]
[SourceVersion "1"]
[SourceVersionDate "2017.10.06"]
[SourceQuality "1"]

1. d4 Nf6 2. Nf3 g6 3. g3 Bg7 4. Bg2 0-0 5. 0-0 d6 6. c4 Nc6 7. Nc3 a6 8. d5 Na5 9. Qd3 c5 10. h3 b5 11. Nd2 Nd7 12. cxb5 axb5 13. Nxb5 Ba6 14. a4 Nb6 15. Qc2 Bxb5 16. axb5 Qd7 17. Nb3 Nxb3 18. Rxa8 Rxa8 19. Qxb3 Ra5 20. Qc2 Rxb5 21. b3 Qb7 22. Rd1 Nd7 23. Rd3 Bd4 24. e3 Bf6 25. f4 Ra5 26. Kh2 Qa6 27. Rd2 Nb6 28. Qd3 Qa8 29. Rc2 Ra1 30. Bd2 Qe8 31. Bf3 Ra3 32. Bc1 c4 33. Qe4 Rxb3 34. Be2 c3 35. Ra2 Qb8 36. Bd1 Rb5 37. Be2 Rxd5 38. Ra6 Rc5 39. Qb4 Nd7 40. Qxb8+ Nxb8 41. Ra8 Rc8 42. Bb5 d5 43. Kg2 e5 44. Kf2 h5 45. Ke2 e4 46. Ba6 Rd8 47. Bb7 Kg7 48. Kd1 d4 49. Bxe4 d3 50. Ba3 g5 51. Kc1 gxf4 52. gxf4 d2+ 53. Kd1 Re8 54. Bf3 Rxe3 55. Bxh5 Rxh3 56. Be2 Nc6 57. Bf8+ Kg6 58. f5+ Kh7 59. Ba3 Nd4 0-1

[Event "Tagaytay City zt 3.3"]
[Site "Tagaytay City"]
[Date "2017.03.05"]
[Round "9"]
[White "Barcenilla, Rogelio"]
[Black "Nguyen, Anh Khoi"]
[Result "1/2-1/2"]
[WhiteElo "2455"]
[BlackElo "2459"]
[PlyCount "123"]
[EventDate "2017.02.25"]
[EventType "swiss"]
[EventRounds "9"]
[EventCountry "PHI"]
[SourceTitle "CBM 177 Extra"]
[Source "ChessBase"]
[SourceDate "2017.04.27"]
[SourceVersion "1"]
[SourceVersionDate "2017.04.27"]
[SourceQuality "1"]

1. c4 e5 2. Nc3 d6 3. g3 g6 4. Bg2 Bg7 5. e4 Nc6 6. Nge2 Nge7 7. d3 f5 8. Nd5 0-0 9. Be3 Bd7 10. Qd2 Nxd5 11. cxd5 Ne7 12. 0-0 c6 13. dxc6 Bxc6 14. Bg5 Qd7 15. Rac1 Rf7 16. Qb4 Raf8 17. Bxe7 Rxe7 18. exf5 Bxg2 19. Kxg2 gxf5 20. Qb3+ Kh8 21. Qd5 Re6 22. f3 Rh6 23. Rc4 Bf6 24. Rfc1 Bd8 25. Rc8 f4 26. g4 Qe7 27. h3 Qh4 28. Rh1 Rhf6 29. d4 exd4 30. Qxd4 Kg8 31. Rxd8 Rxd8 32. Nxf4 Rc8 33. Qe4 Qh6 34. Nh5 Rf7 35. Rd1 Qg6 36. Qd4 Rc2+ 37. Kg3 Qe6 38. Qxd6 Qxd6+ 39. Rxd6 Rxb2 40. Rd8+ Rf8 41. Rd7 Rf7 42. Rd8+ Rf8 43. Rd7 h6 44. h4 Rf7 45. Rd8+ Kh7 46. Rd6 Rb6 47. Rd5 Ra6 48. g5 hxg5 49. hxg5 Re7 50. Kg4 Rxa2 51. f4 Ra6 52. Ng3 Rc7 53. Kh5 Ra3 54. Kg4 Ra2 55. Rd6 Ra6 56. Rd5 Ra2 57. Ne4 Rg2+ 58. Kf3 Rg1 59. f5 Kg7 60. Kf2 Rg4 61. Kf3 Rg1 62. Kf2 1/2-1/2

[Event "Tagaytay City zt 3.3"]
[Site "Tagaytay City"]
[Date "2017.02.26"]
[Round "2"]
[White "Nguyen, Van Huy"]
[Black "Barcenilla, Rogelio"]
[Result "1/2-1/2"]
[WhiteElo "2413"]
[BlackElo "2455"]
[PlyCount "92"]
[EventDate "2017.02.25"]
[EventType "swiss"]
[EventRounds "9"]
[EventCountry "PHI"]
[SourceTitle "CBM 177 Extra"]
[Source "ChessBase"]
[SourceDate "2017.04.27"]
[SourceVersion "1"]
[SourceVersionDate "2017.04.27"]
[SourceQuality "1"]

1. d4 Nf6 2. Nf3 g6 3. c4 Bg7 4. Nc3 0-0 5. e4 d6 6. Be2 e5 7. Be3 Ng4 8. Bg5 f6 9. Bh4 Nc6 10. d5 Ne7 11. Nd2 h5 12. h3 Nh6 13. f3 c5 14. Qc2 a6 15. Rb1 Bd7 16. b4 b6 17. a4 Nf7 18. 0-0 a5 19. bxa5 Rxa5 20. Nb3 Ra6 21. Ra1 g5 22. Bf2 Ng6 23. Ra2 Nf4 24. Rfa1 g4 25. fxg4 hxg4 26. Bxg4 Bxg4 27. hxg4 Qd7 28. Qd1 Nh6 29. a5 Qf7 30. axb6 Rxb6 31. Nxc5 dxc5 32. Bxc5 Qc7 33. Bxb6 Qxb6+ 34. Kh2 Qb4 35. Qf3 Qxc4 36. Nd1 Rf7 37. g3 Nd3 38. Ne3 Qd4 39. Nf5 Nxf5 40. gxf5 Nc5 41. Ra8+ Rf8 42. Rxf8+ Kxf8 43. Ra8+ Ke7 44. Ra7+ Kf8 45. Ra8+ Ke7 46. Ra7+ Kf8 1/2-1/2

[Event "PRO League Stage"]
[Site "Chess.com INT"]
[Date "2017.02.15"]
[Round "6"]
[White "Kevlishvili, Robby"]
[Black "Barcenilla, Rogelio"]
[Result "0-1"]
[WhiteElo "2417"]
[BlackElo "2455"]
[PlyCount "110"]
[EventDate "2017.01.11"]
[EventType "team-swiss (rapid)"]
[EventRounds "7"]
[EventCountry "USA"]
[SourceTitle "CBM 176 Extra"]
[Source "ChessBase"]
[SourceDate "2017.03.02"]
[SourceVersion "1"]
[SourceVersionDate "2017.03.02"]
[SourceQuality "1"]
[WhiteTeam "Apeldoorn Apes"]
[BlackTeam "Lagos Leatherbacks"]
[WhiteTeamCountry "NED"]
[BlackTeamCountry "NGR"]

1. e4 e5 2. Nf3 Nc6 3. Bb5 a6 4. Ba4 Nf6 5. 0-0 b5 6. Bb3 Be7 7. Re1 0-0 8. h3 d6 9. c3 h6 10. d4 Re8 11. Nbd2 Bf8 12. Bc2 g6 13. Nf1 Bg7 14. Ng3 Bd7 15. a4 Na5 16. dxe5 dxe5 17. b3 bxa4 18. b4 Nb3 19. Bxb3 axb3 20. Qxb3 Be6 21. Qc2 Nd7 22. Rd1 Qb8 23. Ra5 c5 24. Qe2 cxb4 25. cxb4 Qxb4 26. Rxa6 Rxa6 27. Qxa6 Nc5 28. Qe2 Ra8 29. Bd2 Qb3 30. Rc1 Nd3 31. Rc3 Qb1+ 32. Qf1 Qxf1+ 33. Nxf1 Nf4 34. Bxf4 exf4 35. Rc1 g5 36. N1d2 Ra2 37. Nc4 Bf8 38. Nce5 Re2 39. Re1 Ra2 40. Rd1 Bc5 41. Rd8+ Kg7 42. Nd4 Kf6 43. Nef3 Ra1+ 44. Kh2 Rf1 45. e5+ Kg7 46. Nd2 Rxf2 47. Nxe6+ fxe6 48. Ne4 Rc2 49. h4 Rc4 50. Nf6 Kg6 51. h5+ Kf5 52. Rh8 g4 53. Nd7 g3+ 54. Kh3 Rc1 55. Rf8+ Bxf8 0-1

[Event "Titled Tuesday intern op 6th Dec 2pm"]
[Site "Chess.com INT"]
[Date "2016.12.06"]
[Round "2"]
[White "Moskalenko, Alexander"]
[Black "Barcenilla, Rogelio"]
[Result "1/2-1/2"]
[WhiteElo "2488"]
[BlackElo "2455"]
[PlyCount "142"]
[EventDate "2016.12.06"]
[EventType "swiss (blitz)"]
[EventRounds "9"]
[EventCountry "USA"]
[SourceTitle "EXT 2021"]
[Source "ChessBase"]
[SourceDate "2020.10.23"]
[SourceVersion "1"]
[SourceVersionDate "2020.10.23"]
[SourceQuality "1"]

1. c4 c5 2. g3 g6 3. Bg2 Bg7 4. Nc3 Nc6 5. d3 e5 6. Nf3 Nge7 7. 0-0 d6 8. a3 h5 9. Rb1 h4 10. b4 hxg3 11. hxg3 Bh3 12. Bxh3 Rxh3 13. Kg2 Qd7 14. bxc5 0-0-0 15. cxd6 Nf5 16. Ne4 Rdh8 17. Bb2 Nxd6 18. Nxd6+ Qxd6 19. Qb3 Qd7 20. Bc3 g5 21. Rg1 g4 22. Nd2 Bf8 23. Kf1 f5 24. Qb5 a6 25. Qd5 Bxa3 26. Qxd7+ Kxd7 27. Rxb7+ Kd6 28. e3 a5 29. Ke2 Bb4 30. Bxb4+ axb4 31. Ra1 R3h7 32. Rxh7 Rxh7 33. Ra6 Kc7 34. Ra1 Kb6 35. Nb3 Rh2 36. d4 exd4 37. exd4 f4 38. gxf4 Rh3 39. d5 Rxb3 40. dxc6 Rc3 41. Rg1 b3 42. Rb1 Kxc6 43. Kd2 Rf3 44. Rg1 Rxf2+ 45. Kc3 Rf3+ 46. Kb2 g3 47. f5 Kc5 48. f6 Kxc4 49. f7 Rf2+ 50. Kb1 Rf3 51. Rxg3 Rxf7 52. Rg2 Kc3 53. Rg3+ Kb4 54. Rg8 Rf1+ 55. Kb2 Rf2+ 56. Kb1 Rf1+ 57. Kb2 Rf2+ 58. Kb1 Rf5 59. Kb2 Rf2+ 60. Kb1 Kc3 61. Rc8+ Kb4 62. Rb8+ Ka3 63. Ra8+ Kb4 64. Rb8+ Kc3 65. Rc8+ Kd4 66. Rd8+ Kc4 67. Rc8+ Kb4 68. Rb8+ Kc3 69. Rc8+ Kd3 70. Rb8 Kc4 71. Rc8+ Kb4 1/2-1/2

[Event "Olympiad-42"]
[Site "Baku"]
[Date "2016.09.09"]
[Round "7.4"]
[White "Brunello, Sabino"]
[Black "Barcenilla, Rogelio"]
[Result "1-0"]
[WhiteElo "2568"]
[BlackElo "2455"]
[PlyCount "123"]
[EventDate "2016.09.02"]
[EventType "team-swiss"]
[EventRounds "11"]
[EventCountry "AZE"]
[SourceTitle "CBM 175"]
[Source "ChessBase"]
[SourceDate "2016.11.10"]
[SourceVersion "1"]
[SourceVersionDate "2016.11.10"]
[SourceQuality "1"]
[WhiteTeam "Italy"]
[BlackTeam "Philippines"]
[WhiteTeamCountry "ITA"]
[BlackTeamCountry "PHI"]

1. d4 Nf6 2. c4 g6 3. Nc3 Bg7 4. e4 d6 5. Be2 0-0 6. Nf3 e5 7. 0-0 Nc6 8. d5 Ne7 9. Kh1 Ne8 10. Ne1 f5 11. exf5 gxf5 12. f4 e4 13. g4 fxg4 14. Nxe4 h5 15. Nc2 Nf5 16. Ng5 Bf6 17. Qd3 Neg7 18. Bd2 Qe8 19. Rae1 Qg6 20. Ne3 Bd7 21. Qb1 Bxg5 22. fxg5 Nh4 23. Bd3 Ngf5 24. Nxf5 Bxf5 25. Rxf5 Rxf5 26. Re6 Qf7 27. g6 Qf8 28. g7 Qf7 29. Bxf5 Qxf5 30. Qxf5 Nxf5 31. Bc3 Rd8 32. Kg2 Nxg7 33. Rg6 Rd7 34. Kg3 Kf8 35. Rf6+ Rf7 36. Kf4 Ne8 37. Rxf7+ Kxf7 38. Kg5 g3 39. hxg3 c6 40. dxc6 bxc6 41. Kxh5 Nc7 42. Kg5 a6 43. Kf5 Ne6 44. g4 Nf8 45. Bb4 c5 46. Bc3 Ng6 47. Bf6 Nf8 48. b3 Ne6 49. Bc3 Nf8 50. Bd2 Ne6 51. Be3 Ng7+ 52. Ke4 Ke6 53. Bg5 Ne8 54. Bd8 Kd7 55. Ba5 Ke6 56. g5 Ng7 57. Bc3 Nf5 58. g6 Ne7 59. g7 Kf7 60. Bb2 Ke6 61. Bc1 Kf6 62. Bf4 1-0

[Event "Olympiad-42"]
[Site "Baku"]
[Date "2016.09.08"]
[Round "6.4"]
[White "Barcenilla, Rogelio"]
[Black "Urkedal, Frode Olav Olsen"]
[Result "1/2-1/2"]
[WhiteElo "2455"]
[BlackElo "2537"]
[PlyCount "118"]
[EventDate "2016.09.02"]
[EventType "team-swiss"]
[EventRounds "11"]
[EventCountry "AZE"]
[SourceTitle "CBM 175"]
[Source "ChessBase"]
[SourceDate "2016.11.10"]
[SourceVersion "1"]
[SourceVersionDate "2016.11.10"]
[SourceQuality "1"]
[WhiteTeam "Philippines"]
[BlackTeam "Norway"]
[WhiteTeamCountry "PHI"]
[BlackTeamCountry "NOR"]

1. c4 e5 2. g3 Nf6 3. Bg2 c6 4. d4 exd4 5. Qxd4 d5 6. Nc3 Be6 7. cxd5 cxd5 8. Nf3 Nc6 9. Qa4 Bc5 10. 0-0 0-0 11. Bg5 h6 12. Bxf6 Qxf6 13. Rfd1 Rad8 14. Qb5 Qe7 15. Na4 Bd6 16. Rac1 Nb4 17. Nc3 a6 18. Qa5 Nc6 19. Qa4 Bc5 20. e3 Ba7 21. a3 Qf6 22. Rd2 g5 23. h3 d4 24. Ne4 Qg7 25. exd4 Nxd4 26. Nxd4 Rxd4 27. Rxd4 Qxd4 28. Qxd4 Bxd4 29. b4 b6 30. Bf1 a5 31. Rc6 axb4 32. axb4 Rc8 33. Rd6 Be5 34. Rd1 Rc2 35. b5 Kf8 36. g4 Rb2 37. Nd6 Bb3 38. Rd3 Rb1 39. Kg2 Be6 40. Rd2 Bf4 41. Rd4 Rb2 42. Kf3 Rb3+ 43. Kg2 Rb2 44. Kf3 Be5 45. Rd1 Rb3+ 46. Kg2 Rb4 47. Nf5 Bxf5 48. gxf5 Kg7 49. Rd7 Bd4 50. Be2 Bc5 51. Bh5 Rxb5 52. Rxf7+ Kg8 53. f6 Rb2 54. Rg7+ Kh8 55. Rg6 Rxf2+ 56. Kg3 Kh7 57. Rg7+ Kh8 58. Rg6 Kh7 59. Rg7+ Kh8 1/2-1/2

[Event "Olympiad-42"]
[Site "Baku"]
[Date "2016.09.04"]
[Round "3.3"]
[White "Adu, Oladapo"]
[Black "Barcenilla, Rogelio"]
[Result "0-1"]
[WhiteElo "2334"]
[BlackElo "2455"]
[PlyCount "89"]
[EventDate "2016.09.02"]
[EventType "team-swiss"]
[EventRounds "11"]
[EventCountry "AZE"]
[SourceTitle "CBM 175"]
[Source "ChessBase"]
[SourceDate "2016.11.10"]
[SourceVersion "1"]
[SourceVersionDate "2016.11.10"]
[SourceQuality "1"]
[WhiteTeam "Nigeria"]
[BlackTeam "Philippines"]
[WhiteTeamCountry "NGR"]
[BlackTeamCountry "PHI"]

1. Nf3 Nf6 2. g3 g6 3. Bg2 Bg7 4. 0-0 0-0 5. d3 d5 6. Nbd2 c5 7. e4 Nc6 8. Re1 h6 9. c3 d4 10. cxd4 cxd4 11. Nc4 Be6 12. b3 Nd7 13. Bb2 b5 14. Na3 Qb6 15. Rc1 Nb4 16. Ra1 Nc5 17. Bf1 Rfd8 18. Qd2 Nxa2 19. Rxa2 Bxb3 20. Raa1 e5 21. Be2 b4 22. Nc2 a5 23. Nh4 Rdc8 24. Bg4 Nxe4 25. Qe2 Nc3 26. Qd2 Rc7 27. Bxc3 dxc3 28. Qe3 Qb8 29. Bd1 Bd5 30. Nf3 b3 31. Nxe5 b2 32. Rb1 Ba2 33. Bf3 Bxb1 34. Rxb1 Qb3 35. Bxa8 Qxc2 36. Rf1 b1Q 37. Bd5 Bxe5 38. Qxe5 Qb6 39. Qe8+ Kg7 40. Qe5+ Kh7 41. Qe4 Qd2 42. Qe8 Qf6 43. h4 c2 44. h5 c1Q 45. hxg6+ 0-1